<?xml version="1.0" encoding="UTF-8"?><?xml-stylesheet type="text/xsl" href="static/style.xsl"?><OAI-PMH xmlns="http://www.openarchives.org/OAI/2.0/" xmlns:xsi="http://www.w3.org/2001/XMLSchema-instance" xsi:schemaLocation="http://www.openarchives.org/OAI/2.0/ http://www.openarchives.org/OAI/2.0/OAI-PMH.xsd"><responseDate>2026-06-07T18:59:54Z</responseDate><request verb="GetRecord" identifier="oai:docta.ucm.es:20.500.14352/63103" metadataPrefix="marc">https://docta.ucm.es/rest/oai/request</request><GetRecord><record><header><identifier>oai:docta.ucm.es:20.500.14352/63103</identifier><datestamp>2023-11-14T07:25:17Z</datestamp><setSpec>com_20.500.14352_14</setSpec><setSpec>col_20.500.14352_22</setSpec></header><metadata><record xmlns="http://www.loc.gov/MARC21/slim" xmlns:dcterms="http://purl.org/dc/terms/" xmlns:xsi="http://www.w3.org/2001/XMLSchema-instance" xmlns:doc="http://www.lyncode.com/xoai" xsi:schemaLocation="http://www.loc.gov/MARC21/slim http://www.loc.gov/standards/marcxml/schema/MARC21slim.xsd">
   <leader>00925njm 22002777a 4500</leader>
   <datafield ind2=" " ind1=" " tag="042">
      <subfield code="a">dc</subfield>
   </datafield>
   <datafield ind2=" " ind1=" " tag="720">
      <subfield code="a">Cuquerella Ayensa, Montserrat</subfield>
      <subfield code="e">author</subfield>
   </datafield>
   <datafield ind2=" " ind1=" " tag="260">
      <subfield code="c">2002</subfield>
   </datafield>
   <datafield ind2=" " ind1=" " tag="520">
      <subfield code="a">Se ha estudiado la respuesta humoral del ganado ovino manchego a las infestaciones por Haemonchus Contortus mediante Enzimoinmunoensayo (Elisa), caracterización antigénica por Western Blotting, exploración inicial de antigenicidad cruzada con otros tricostrongiloideos y selección de antígenos de posible valor diagnóstico e inmunoprofiláctico. Se comprobó la falta de capacidad protectora en los corderos (&lt;6-6,5 meses) y una resistencia parcial en los animales mayores ( =1 año). El Elisa IGC permitió el diagnóstico ( 0,41 a405) de la hemoncosis ovina ( 6-6,5 meses). Se apreció el papel de las IGA fecales como marcador de primoinfestación. Se demostró la capacidad de los sueros procedentes de corderos (&lt;6 meses) infestados, para reconocer antígenos del parásito; se observó la variabilidad individual en el reconocimiento y un elevado grado de antigenicidad cruzada con otros trichostrongyloidea; no obstante, se confirmó el valor diagnóstico de un péptido de ca. 25 kda de extracto soluble de adultos de haemonchus contortus en la hemoncosis ovina.</subfield>
   </datafield>
   <datafield ind1="8" ind2=" " tag="024">
      <subfield code="a">978-84-8466-423-9</subfield>
   </datafield>
   <datafield ind1="8" ind2=" " tag="024">
      <subfield code="a">b21013974</subfield>
   </datafield>
   <datafield ind1="8" ind2=" " tag="024">
      <subfield code="a">https://hdl.handle.net/20.500.14352/63103</subfield>
   </datafield>
   <datafield ind2="0" ind1="0" tag="245">
      <subfield code="a">Respuesta humoral en la hemoncosis ovina : Dinámica de la producción de anticuerpos y caracterización antigénica de "Haemonchus contortus"</subfield>
   </datafield>
</record></metadata></record></GetRecord></OAI-PMH>